Catálogo

AMERICANS ON EVEREST : (Registro nro. 35383)

Detalles MARC
000 -LEADER
fixed length control field 00466nam a2200157 a 4500
001 - CONTROL NUMBER
control field 35383
005 - DATE AND TIME OF LATEST TRANSACTION
control field 20180714003716.0
008 - FIXED-LENGTH DATA ELEMENTS--GENERAL INFORMATION
fixed length control field 140415s1963 000 0 spa d
041 ## - LANGUAGE CODE
Language code of text/sound track or separate title spa
082 ## - DEWEY DECIMAL CLASSIFICATION NUMBER
Classification number 915.5496
Item number ULL
100 1# - MAIN ENTRY--PERSONAL NAME
Personal name ULLMAN, JAMES RAMSEY
245 10 - TITLE STATEMENT
Title AMERICANS ON EVEREST :
Remainder of title THE OFFICIAL ACCOUNT OF THE ASCENTLED BY NORMAN
260 ## - PUBLICATION, DISTRIBUTION, ETC.
Place of publication, distribution, etc. [s.l.] :
Name of publisher, distributor, etc. J.B. LIPPINCOTT COMPANY,
Date of publication, distribution, etc. 1963
300 ## - PHYSICAL DESCRIPTION
Extent 429
650 14 - SUBJECT ADDED ENTRY--TOPICAL TERM
Topical term or geographic name entry element EXPEDICIONES
General subdivision EVEREST
Existencias
Withdrawn status Lost status Source of classification or shelving scheme Damaged status Not for loan Collection code Home library Current library Shelving location Date acquired Source of acquisition Inventory number Total Checkouts Full call number Barcode Date last seen Price effective from Koha item type
    Dewey Decimal Classification     General Biblioteca Karol Wojtyla Biblioteca Karol Wojtyla Sala general 03/12/2013 Compra 151000000000000000036459   915.5496 ULL 5344 05/01/2026 03/12/2013 Libro